000 00914nam a2200265Ia 4500
003 GCL
008 140319s9999 xx 000 0 ara d
040 _aGCL /
_cGCL
082 0 4 _a953
_bف ع
100 1 _aفتحية النبراوى
245 1 0 _aالعلاقات السياسية الاسلامية وصراع القوى الدولية فى العصور الوسطى 1000 - 1300 م /
_cفتحية النبراوى
300 _a358 ص
490 _a
650 0 4 _aالحروب الصليبية
650 0 4 _aالدولة الفاطمية
650 0 4 _aالتاريخ الاسلامى
650 0 4 _aالدولة العباسية
650 0 4 _aالدولة الايوبية
650 0 4 _aالدولة السلجوقية
650 0 4 _aالعصور الوسطى
650 0 4 _aمراد مرداس
650 0 4 _aالمرانيون
650 0 4 _aالدولة الخوارزمية
942 _2ddc
_cBK
999 _c37667
_d37667